| 000 | 00574cam a22002291 4500 | ||
|---|---|---|---|
| 001 | sa 65006246 | ||
| 003 | DLC | ||
| 005 | 20260227112141.0 | ||
| 008 | 940930s1962 ii 000 0 beno | ||
| 010 | _asa 65006246 | ||
| 025 | _aPL480:I-B-1855 | ||
| 035 | _a(OCoLC)31205801 | ||
| 040 |
_aDLC _cCU _dCU _dDLC |
||
| 050 | 0 | 0 |
_aLB1028 _b.B47 |
| 100 | 1 |
_aBhattacharya, Srinibas, _d1921- |
|
| 245 | 1 | 0 | _aṠikshā-samīkshā. |
| 260 | _c[1962] | ||
| 300 |
_a274 p. _c23 cm. |
||
| 500 | _aIn Bengali. | ||
| 650 | 0 | _aEducation, Secondary. | |
| 650 | 0 |
_aEducation _xResearch. |
|
| 999 |
_c64571 _d64571 |
||